000 00971cad a2200241 4500
008 100811s1994 xxk l f
020 _a0110455851
035 _a(Sirsi) u60061
041 _aeng
110 2 _aUnited Kingdom
_kLaws, etc
_95044
245 0 4 _aThe Town and Country Planning (General Development Procedure) (Scotland) Amendment Order 1994
_h[electronic resource]
260 _aLondon
_bHMSO
_c1994
350 _a0.65
490 _aSI
_v1994:2585
520 _aMade 5 October 1994. Coming into force 31 October 1994. Amends SI 1992:224.
650 _aTOWN AND COUNTRY PLANNING (GENERAL DEVELOPMENT PROCEDURE) (SCOTLAND) AMENDMENT ORDER 1994
650 _aTOWN AND COUNTRY PLANNING (SCOTLAND) ACT 1972
651 4 _aScotland
_y1707-1998
690 _aPlanning and development
_96259
856 4 0 _uhttps://www.legislation.gov.uk/uksi/1994/2585/contents/made
_zView the SI free of charge at www.legislation.gov.uk
942 _n0
948 _c04/03/1997
999 _c94192
_d94192